OK Computer - Radiohead - Statistics

General Stats
  • This quiz has been taken 133 times
  • The average score is 10 of 12
Answer Stats
Answer % Correct
Karma Police
91%
Paranoid Android
90%
Exit Music (For a Film)
86%
No Surprises
85%
Airbag
84%
Let Down
82%
Fitter Happier
81%
Electioneering
77%
Subterranean Homesick Alien
77%
The Tourist
75%
Lucky
73%
Climbing Up the Walls
68%
No matching quizzes found
Score Distribution
Percent of People with Each Score
Percentile by Number Answered
Your Score History
You have not taken this quiz